000 00950nam a2200289 i 4500
003 EG-GICUC
005 20260305220835.0
008 260305s1957 us ||||fr|||| 000 0 eng d
040 _aEG-GiCUC
_beng
_cEG-GiCUC
_dEG-GiCUC
_eRda
082 0 4 _221
_a341.6
_bTU . L
092 0 4 _221
099 _aLaw1 11 341.6 TU . L 1957
100 1 _aTucker, Robert W
_eAuthor.
245 1 4 _aThe Law of War and Neutrality at Sea.
_nVolume XLX /
_cRobert W. Tucker.
_b
264 1 _aWashington :
_bGovernment Printing Office,
_c1957.
300 _a448page :
_billustration ;
_c 24 cm.
336 _2rda contenu
_a texte
337 _2rda medias
_aOrdinateur
338 _2 transporteur rda
_a Ressource en ligne
504 _aBibliography: pages 200-250.
546 _aText in English
650 1 4 _aPublic international law
_2
651 1 _2
856 4 0 _uhttps://fll.law.cu.edu.eg/fulltext/bks/B11-08637.pdf
905 _a50
942 _2ddc
_cBK
_e21
_n0
999 _c65116
_d65116